Porotný pôrod J&B Poviedka '97

Bibliographic Details
Main Author: Hochel, Braňo, 1951-2015 (Author)
Format: Article
Language:Slovak
ISSN:0231-6714
Subjects:

MARC

LEADER 00000nab a2200000 a 4500
001 vtls000672199
003 SK-MaSNL
005 20260304094827.0
008 250425c1998 xo 0 slo
015 |a SNBRB1998/09-26972 
035 |a CLN000024375 
035 |a urn:nbn:sk:snk-abbs3e 
035 |a (urnnbn)urn:nbn:sk:snk:ar-0000ed 
035 |a (uuid)0669c556-fd37-4411-9332-c4d7cc7f1251 
040 |a SNKBUCL  |b slo  |c SNKBUCL  |e AACR2 
041 0 |a slo 
044 |a xo  |c SK 
080 |a 82:061.7:06.063:885.4  |2 1997 
080 |a 885.4-3:061.7  |2 1997 
100 1 |a Hochel, Braňo,  |d 1951-2015  |4 aut  |9 175206 
245 1 0 |a Porotný pôrod J&B Poviedka '97  |c Braňo Hochel 
611 1 7 |a Poviedka  |d (1997)  |2 snkbucl  |9 1384845 
650 0 7 |a slovenské poviedky  |2 snkbucl  |9 111049 
650 0 7 |a literárne súťaže  |2 snkbucl  |9 4275 
655 7 |a články z novín a časopisov  |2 snkbucl  |9 267496 
773 0 |t Romboid  |g Roč. 33, č. 5 (1998), s. 63-65  |x 0231-6714 
850 |a Slovenská národná knižnica 
852 |a Slovenská národná knižnica 
958 |a article15 
958 |a LX 
958 |a SK 
958 |a OND 
958 |a EUIPO 
992 |a RBX 
999 |c 2829171  |d 2831101